安徽省县级市 - Statistics

General Stats
  • This quiz has been taken 18 times
  • The average score is 8 of 9
Answers on the Map
Answers color-coded by a green-red scale on the quiz's map according to % correct below.
 
Answer Stats
Answer % Correct
巢湖市
100%
无为市
93%
天长市
93%
宁国市
87%
桐城市
80%
界首市
80%
潜山市
73%
明光市
73%
广德市
73%
No matching quizzes found
Score Distribution
Percent of People with Each Score
Percentile by Number Answered
Your Score History
You have not taken this quiz